Visualizzazione normale
Vista MARC
- George Boy
di Personal Name
Records bibliografici associati: 2
001 - CONTROL NUMBER
- control field: 28767
003 - CONTROL NUMBER IDENTIFIER
- control field: IT-RoPau
005 - DATE AND TIME OF LATEST TRANSACTION
- control field: 20140610221050.0
008 - FIXED-LENGTH DATA ELEMENTS
- fixed length control field: 140610|| aca||aabn | a|a d
040 ## - CATALOGING SOURCE
- Original cataloging agency: IT-RoPau
- Transcribing agency: IT-RoPau
100 ## - HEADING--PERSONAL NAME
- Personal name: George Boy
670 ## - SOURCE DATA FOUND
- Source citation: Work cat.: (IT-RoPau)101635: George Boy, Crying Game (The)